[Event "Hampstead Under 2200 19-20 January 2013"]
[Site "London, England"]
[Date "2013.01.20"]
[Round "5"]
[White "Georgiev,Ivan"]
[Black "Balouka-Myers,Reuben"]
[Result "1-0"]
[WhiteElo "1768"]
[BlackElo "1548"]

1.e4 e6 2.d4 d5 3.Nc3 Nf6 4.e5 Nfd7 5.f4 c5 6.Be3 cxd4 7.Bxd4 Nc6 8.Nf3 Nxd4
9.Nxd4 Bc5 10.Qd2 O-O 11.O-O-O f6 12.Nxe6 Qb6 13.Nxf8 Be3 14.Nxd7 Bxd2+
15.Rxd2 Bxd7 16.Nxd5 Qc5 17.exf6 Be6 18.Nc3 gxf6 19.Bd3 Qa5 20.Re1 Bxa2
21.Nxa2 Qxa2 22.c3 Rf8 23.Re4 Qa1+ 24.Bb1 Qa6 25.Rd3 Qb5 26.Rg3+ Kh8 27.Bd3
Qc5 28.Rd4 Qe7 29.Re4 Qc5 30.Rge3 Qd6 31.Kc2 Qc6 32.Re7 Qxg2+ 33.Re2 Qh3
34.Rxh7+ Qxh7 35.Bxh7 Kxh7 36.Re7+ Kg6 37.Rxb7 Rh8 38.Rxa7 Rxh2+ 39.Kb3 Rf2
40.Ra4 Kf5 41.Rd4 Rxf4 42.Rxf4+ Kxf4 43.c4 Ke5 44.Kc3 f5 45.Kd3 Kd6 46.Ke3 Kc5
47.b3 Kb4 48.Kf4 {#r} 1-0

[Event "Hampstead Under 2200 19-20 January 2013"]
[Site "London, England"]
[Date "2013.01.20"]
[Round "5"]
[White "Balouka-Myers,Gabriel"]
[Black "Brozel,Sacha"]
[Result "1-0"]
[WhiteElo "1507"]
[BlackElo "1562"]

1.d4 Nf6 2.c4 g6 3.Nc3 d5 4.cxd5 Nxd5 5.e4 Nxc3 6.bxc3 Bg7 7.Be3 c5 8.Bb5+ Bd7
9.Bxd7+ Qxd7 10.Ne2 cxd4 11.cxd4 O-O 12.O-O Nc6 13.Rc1 e6 14.Qa4 Rfd8 15.Rfd1
a6 16.f3 b5 17.Qb3 Na5 18.Qb4 Nc4 19.Bf2 Rac8 20.a4 Bf8 21.Qb3 bxa4 22.Qa2 Nb6
23.Rb1 Rb8 24.d5 Na8 25.Rxb8 Rxb8 26.Nc3 exd5 27.Nxd5 Bg7 28.Nf6+ Bxf6 29.Rxd7
Rb2 30.Qxf7+ Kh8 31.Qxf6+ Kg8 32.Rd8# 1-0

[Event "Hampstead Under 2200 19-20 January 2013"]
[Site "London, England"]
[Date "2013.01.20"]
[Round "5"]
[White "Dydak,Mateusz"]
[Black "Reed,Liam"]
[Result "1-0"]
[WhiteElo "1952"]
[BlackElo "1330"]

1.f4 e5 2.fxe5 d6 3.exd6 Bxd6 4.Nf3 g5 5.g3 g4 6.Nh4 Be6 7.d4 Bd5 8.Bg2 Bxg2
9.Nxg2 Nf6 10.Bg5 Qe7 11.Nc3 Nbd7 12.Qd3 O-O-O 13.Rf1 Qe6 14.O-O-O Be7 15.Qf5
Qxf5 16.Rxf5 Rde8 17.e4 c6 18.Rdf1 Ng8 19.Bxe7 Rxe7 20.Rxf7 Rxf7 21.Rxf7 Ngf6
22.e5 Nd5 23.Nxd5 cxd5 24.Ne3 Nb6 25.b3 h5 26.Nf5 Kd8 27.Rxb7 Nc8 28.e6 Rf8
29.Rd7+ Ke8 30.Ng7# 1-0

[Event "Hampstead Under 2200 19-20 January 2013"]
[Site "London, England"]
[Date "2013.01.20"]
[Round "5"]
[White "Willmoth,Harrison"]
[Black "Batkin,Cyril"]
[Result "0-1"]
[WhiteElo "1410"]
[BlackElo "1816"]

1.e4 c5 2.Nf3 e6 3.c3 Nf6 4.Qc2 Nc6 5.d4 cxd4 6.cxd4 Nb4 7.Qd1 Nxe4 8.a3 Nc6
9.Bd3 Nf6 10.Nc3 d5 11.Qc2 a6 12.h3 Qb6 13.Be3 Be7 14.Rg1 Qc7 15.g4 g6 16.h4
b5 17.h5 Bb7 18.Bd2 Rc8 19.Bh6 b4 20.axb4 Nxb4 21.Qd2 Nxd3+ 22.Qxd3 Bb4 23.Bd2
Ne4 24.Rc1 Nxd2 25.Qxd2 Bd6 26.Rb1 a5 27.Qh6 Bf8 28.Qg5 Qd7 29.Qe5 f6 30.Qf4
g5 31.Qg3 Qd6 32.Qg2 Bg7 33.Qf1 Ba6 34.Qg2 h6 35.Ne2 O-O {#R} 0-1

[Event "Hampstead Under 2200 19-20 January 2013"]
[Site "London, England"]
[Date "2013.01.20"]
[Round "5"]
[White "Vir,Prahast"]
[Black "Chellappah,Kuhan"]
[Result "1/2-1/2"]
[WhiteElo "1679"]
[BlackElo "1618"]

1.e4 e5 2.Nf3 Nf6 3.Nxe5 d6 4.Nf3 Nxe4 5.d4 d5 6.Bd3 Nc6 7.Nbd2 Nf6 8.h3 Bd6
9.O-O O-O 10.c3 a5 11.a4 b6 12.Re1 Re8 13.Rxe8+ Qxe8 14.Qc2 Ba6 15.Nf1 Bxd3
16.Qxd3 Ne4 17.N3d2 Nf6 18.Ne3 Qd7 19.Nf3 Re8 20.Nh4 Ne7 21.Bd2 Ne4 22.Re1 Ng6
23.Nc2 Nxd2 24.Qxd2 Rxe1+ 25.Nxe1 {#d} 1/2-1/2

[Event "Hampstead Under 2200 19-20 January 2013"]
[Site "London, England"]
[Date "2013.01.20"]
[Round "5"]
[White "Darvish,Masoud"]
[Black "Hadi,Justin"]
[Result "1/2-1/2"]
[WhiteElo "1106"]
[BlackElo "2068"]

1.c4 Nf6 2.Nc3 g6 3.g3 Bg7 4.Bg2 O-O 5.Nf3 d6 6.O-O Nbd7 7.d3 e5 8.Bd2 h6
9.Qc1 Kh7 10.Rb1 a5 11.a3 a4 12.Qc2 Nc5 13.Be3 Nfd7 14.Ra1 c6 {#d} 1/2-1/2